Biggest Cities in Washington by County - Statistics

General Stats
  • This quiz has been taken 16 times
  • The average score is 27 of 39
Answer Stats
County Population City % Correct
King 725,487 Seattle
100%
Spokane 229,513 Spokane
100%
Walla Walla 33,871 Walla Walla
100%
Pierce 218,849 Tacoma
92%
Yakima 95,957 Yakima
92%
Benton 85,632 Kennewick
83%
Thurston 56,510 Olympia
83%
Franklin 80,941 Pasco
83%
Whitman 32,869 Pullman
83%
Clark 194,384 Vancouver
83%
Chelan 35,519 Wenatchee
83%
Grays Harbor 17,487 Aberdeen
75%
Whatcom 93,744 Bellingham
75%
Snohomish 110,576 Everett
75%
Clallam 20,447 Port Angeles
75%
Jefferson 10,600 Port Townsend
75%
Kitsap 44,391 Bremerton
67%
Asotin 7,340 Clarkston
67%
Kittitas 20,050 Ellensburg
67%
Cowlitz 37,712 Longview
67%
Skagit 35,619 Mount Vernon
67%
Pend Oreille 2,233 Newport
67%
Adams 9,015 Othello
67%
Lewis 19,364 Centralia
58%
Stevens 5,084 Colville
58%
Columbia 2,604 Dayton
58%
San Juan 2,981 Friday Harbor
58%
Grant 25,835 Moses Lake
58%
Okanogan 5,152 Omak
58%
Ferry 1,090 Republic
58%
Wahkiakum 595 Cathlamet
50%
Lincoln 1,804 Davenport
50%
Douglas 14,250 East Wenatchee
50%
Klickitat 3,578 Goldendale
50%
Island 25,008 Oak Harbor
50%
Garfield 1,483 Pomeroy
50%
Pacific 3,257 Raymond
50%
Mason 11,452 Shelton
50%
Skamania 1,656 Stevenson
50%
No matching quizzes found
Score Distribution
Percent of People with Each Score
Percentile by Number Answered
Your Score History
You have not taken this quiz